The moonstone

Enregistré dans:
Détails bibliographiques
Auteur principal: Collins, Wilkie
Format: Livre
Langue:English
Publié: London David Campbell publishers 1992
Collection:Everymen's library
Sujets:
Anh
Tags: Ajouter un tag
Pas de tags, Soyez le premier à ajouter un tag!
Thư viện lưu trữ: Trung tâm Học liệu Lê Vũ Hùng, Trường Đại học Đồng Tháp
LEADER 00745pam a22002418a 4500
001 00025382
005 20171026081023.0
008 110804s1992 ||||||engsd
041 0 # |a eng 
082 1 4 |a 823  |b TH200M 
100 1 # |a Collins, Wilkie 
245 1 4 |a The moonstone  |c Wilkie Collins 
260 # # |a London  |b David Campbell publishers  |c 1992 
300 # # |a xlix,473 p.  |c 21 cm. 
490 # # |a Everymen's library 
504 # # |a Includes bibliographical references (p. xxix-xxxi) 
650 # 4 |a Anh 
650 # 4 |a Tiểu thuyết 
650 # 4 |a Văn học cận đại 
852 # # |b Kho đọc  |j KD.0008411 
852 # # |j KD.0008411 
910 |d 04/08/2011 
980 # # |a Trung tâm Học liệu Lê Vũ Hùng, Trường Đại học Đồng Tháp